Everybody Dies In Their Nightmares - XXXTENTACION (Full lyrics) - Statistics

General Stats
  • This quiz has been taken 8 times
  • The average score is 243 of 330
Answer Stats
Lyrics % Correct
I
100%
a
83%
die
83%
Don't
83%
don't
83%
Don't—
83%
feel
83%
feelin'
83%
go,
83%
go
83%
in
83%
is
83%
life
83%
like
83%
my
83%
nighttime
83%
nighttime,
83%
of
83%
Ooh-ah-ah-ah
83%
really
83%
sleep
83%
stay
83%
the
83%
Tired
83%
to
83%
wanna
83%
when
83%
alone
67%
damn
67%
game
67%
I'm
67%
lie
67%
'lone
67%
love
67%
mind
67%
Nigga
67%
traffic
67%
traffic,
67%
trapped
67%
uh
67%
up
67%
wrapped
67%
you
67%
all
50%
caught
50%
face
50%
get
50%
hate
50%
hoes
50%
it's
50%
I've
50%
me
50%
numb
50%
on
50%
Only
50%
pain,
50%
tatted
50%
that
50%
That's
50%
time
50%
why
50%
with
50%
attached
33%
attachments
33%
been
33%
'bout
33%
can't
33%
'Cause
33%
'cause
33%
Change
33%
clothes,
33%
duckin'
33%
fire
33%
lit
33%
lost,
33%
matches
33%
never
33%
outside
33%
outside,
33%
starters
33%
tell
33%
these
33%
No matching quizzes found
Score Distribution
Percent of People with Each Score
Percentile by Number Answered
Your Score History
You have not taken this quiz